<?xml version="1.0" encoding="UTF-8"?>
<collection xmlns="http://www.loc.gov/MARC21/slim">
 <record>
  <leader>00455pamaa2200145   4500</leader>
  <controlfield tag="001">0000015321</controlfield>
  <controlfield tag="005">20070505090000.0</controlfield>
  <datafield tag="020" ind1="0" ind2="0">
   <subfield code="a">9679785319 </subfield>
  </datafield>
  <datafield tag="082" ind1=" " ind2=" ">
   <subfield code="a">923.6595 RAJ 1995</subfield>
  </datafield>
  <datafield tag="090" ind1="0" ind2="0">
   <subfield code="a">DS597.215.R35 </subfield>
   <subfield code="b">RAJ 1995</subfield>
  </datafield>
  <datafield tag="100" ind1="1" ind2="0">
   <subfield code="a">RAJ </subfield>
  </datafield>
  <datafield tag="245" ind1="1" ind2="4">
   <subfield code="a">The war years and after : </subfield>
   <subfield code="b">a personal account of historical relevance  </subfield>
   <subfield code="c">Dato J.J. Raj.</subfield>
  </datafield>
  <datafield tag="260" ind1="0" ind2="0">
   <subfield code="a">Petaling Jaya: </subfield>
   <subfield code="b">Pelanduk, </subfield>
   <subfield code="c">1995.</subfield>
  </datafield>
  <datafield tag="300" ind1=" " ind2=" ">
   <subfield code="a">x, 303p.; </subfield>
   <subfield code="c">23 cm.</subfield>
  </datafield>
  <datafield tag="651" ind1="0" ind2="0">
   <subfield code="a">Malaya -- </subfield>
   <subfield code="x">History -- </subfield>
   <subfield code="x">Japanese occupation </subfield>
  </datafield>
 </record>
</collection>
